1251 1630 1649 1875 1251 1959 1938 1581 1047 1244 1002 1147 1296 1971 1675 1866 1341 1412 1292 1754 1776 1509 1748 1361 1812 1606 1086 1922 1420 1444 1988 1020 1805 1318 1720 1641 1784 1208 1239 1327 1174 1865 1687 1643 1679 1200 1397 1995 1654 1299 1384 1869 1088 1700 1647 1378 1961 1082 1030 1753 1813 1374 1174 1411 1681 1201 1651 1233 1147 1067 1960 1616 1690 1566 1423 1428 1272 1445 1170 1274 1567 1917 1545 1957 1082 1486 1470 1962 1800 1879 1846 1459 1108 1564 1761 1130 1313 1545 1196 BCNSPRNW ULIB Ver.6.0+V

เปลี่ยนเป็นภาษาไทย

Change to English
 แสดงรายละเอียดบรรณานุกรม
  กลับหน้าหลัก

Brief Record : Get Marc (ISO 2709) : E-mail record : QR code < ปิดหน้าต่าง
LEADER : 00000nam 2200000uu 4500
001    13399114304
003     ULIB
008    110405s||||||||th 000 0 tha d
020    9789749457368
060 04 WB460^bร621ก
100 0  รุ้งทิพย์ พันธุเมธากุล
245 10 การตรวจประเมินทางกายภาพบำบัดบริเวณกระดูกสันหลัง =^bPhysical therapy assessment in the spine /^cรุ้งทิพย์ พันธุเมธากุล, ยอดชาย บุญประกอบ
246 31 Physical therapy assessment in the spine
250    พิมพ์ครั้งที่ 4
260    ขอนแก่น :^bสายวิชากายภาพบำบัด คณะเทคนิคการแพทย์ มหาวิทยาลัยขอนแก่น,^c2553
300    334 หน้า :^bภาพประกอบ ;^c26 ซม.
650  7 กระดูก^xโรค^xกายภาพบำบัด
650  7 กระดูกสันหลัง^xกายภาพบำบัด
650  7 กระดูกสันหลัง^xการฟื้นฟูสมรรถภาพ
650  7 กระดูกสันหลัง, โรค^xการรักษา
650  7 กายภาพบำบัด
650  7 การตรวจร่างกาย
700 0  ยอดชาย บุญประกอบ
710 2  มหาวิทยาลัยขอนแก่น. ^bคณะเทคนิคการแพทย์.^bสายวิชากายภาพบำบัด
945    ^p340^l0^i031353
945    ^p340^l0^i031354
945    ^p340^l0^i031355
945    ^p340^l0^i031356
945    ^p340^l0^i031357
945    ^p340^l0^i031358
995    ทศพร
999 ^a ใช้งานได้ทุกระบบ
รายการนี้ยังไม่มีแท็ก
คุณยังไม่ได้ล็อกอิน คุณสามารถมีกิจกรรมร่วมกับเว็บไซต์ได้ แต่ต้องล็อกอินก่อน ::
  ล็อกอิน

รายการสื่อสารสนเทศ

ลำดับที่ ประเภท เลขเรียก/บาร์โค้ด สถานที่ สถานะ
1. วิทยาศาสตร์การแพทย์ และสุขภาพ
หนังสือสำรอง
สถานะ=หนังสือสำรอง
WB460 ร621ก ฉ.1 
  Barcode: 031353
ห้องสมุดวิทยาเขตสวรรค์ประชารักษ์
►ส่วนจัดเก็บหนังสือเก่า สปร
บนชั้น
  ขอยืม
2. วิทยาศาสตร์การแพทย์ และสุขภาพ
วิทยาศาสตร์การแพทย์ และสุขภาพ
WB460 ร621ก ฉ.2 
  Barcode: 031354
ห้องสมุดวิทยาเขตสวรรค์ประชารักษ์
►ส่วนจัดเก็บหนังสือเก่า สปร
บนชั้น
  ขอยืม
3. วิทยาศาสตร์การแพทย์ และสุขภาพ
วิทยาศาสตร์การแพทย์ และสุขภาพ
WB460 ร621ก ฉ.3 
  Barcode: 031355
ห้องสมุดวิทยาเขตสวรรค์ประชารักษ์
►ส่วนจัดเก็บหนังสือเก่า สปร
บนชั้น
  ขอยืม
4. วิทยาศาสตร์การแพทย์ และสุขภาพ
วิทยาศาสตร์การแพทย์ และสุขภาพ
WB460 ร621ก ฉ.4 
  Barcode: 031356
ห้องสมุดวิทยาเขตสวรรค์ประชารักษ์
►ส่วนจัดเก็บหนังสือเก่า สปร
บนชั้น
  ขอยืม
5. วิทยาศาสตร์การแพทย์ และสุขภาพ
วิทยาศาสตร์การแพทย์ และสุขภาพ
WB460 ร621ก ฉ.5 
  Barcode: 031357
ห้องสมุดวิทยาเขตสวรรค์ประชารักษ์
►ส่วนจัดเก็บหนังสือเก่า สปร
บนชั้น
  ขอยืม
6. วิทยาศาสตร์การแพทย์ และสุขภาพ
วิทยาศาสตร์การแพทย์ และสุขภาพ
WB460 ร621ก ฉ.6 
  Barcode: 031358
ห้องสมุดวิทยาเขตสวรรค์ประชารักษ์
►ส่วนจัดเก็บหนังสือเก่า สปร
บนชั้น
  ขอยืม

รายการใกล้เคียง
    ผู้แต่ง [รุ้งทิพย์ พันธุเมธากุล]

    หัวเรื่อง [กายภาพบำบัด]
    หัวเรื่อง [การตรวจร่างกาย]

BibComment


ยังไม่เคยถูกคอมเมนท์

คอมเมนท์ทรัพยากรรายการนี้
  คอมเมนท์: การตรวจประเมินทาง..


 Copyright 2026. Bcnsprnw @Library